000 00517nam a2200205Ia 4500
003 OSt
005 20250902112908.0
008 210210b2011 xxu||||| |||| 00| 0 eng d
020 _a8178243210
040 _cAL
041 _aeng
082 _a305.56 RAOC
100 _aAnupama Rao
_9173655
245 _aCaste question
_b: dalits and the politics of modern India
260 _aRanikhet
_bPermanent Black
_c2011
300 _axxi,392p
690 _aSocial Classes
_9173656
906 _a066520
942 _2ddc
_cBK
999 _c148064
_d148064